01528agaaa2200301 45000010005000000030009000050050017000140070009000310080040000400400023000800410013001031000041001161300018001572450094001752500022002692600126002913000034004175080061004515110062005125200324005745380016008985460013009146500071009277000057009987000053010557000055011087000063011639889IT-RoPAU20220918181226.0d cvaizq50131s9999||||xx ||| | || ||und|| aIT-RoPAUcIT-RoPAU aITALIANO aFo DariogCodice regista SPICS: 6571 aMISTERO BUFFO aMISTERO BUFFOcDiretto da: Fo DariopMISTERO BUFFO (Rif. Codice opera principale : 99889) aEdizione Standard aROMA (ITALIA)bRAI - RADIO TELEVISIONE ITALIANA / Distribuzione: RAI DUEg"1991 (1° ed.: 1991 ; Ed. Lingua Orig.: n.d.)" aVHSbsonoro, col.c110 minuti a"Fotografia: Puliti Giampiero; Musica: Carpi Fiorenzo; " a"Fo Dario; Rame Franca; Collettivo; Teatrale; La; Comune" aGENIALE E DELIRANTE IMPASTO DI TESTI RIPRESI DALLA TRADIZIONE MEDIOEVALE RECITATI IN GRAMELOT UN LINGUAGGIO INVENTATO SULLA BASE DELL'ANTICO LOMBARDO-PADANO: DARIO ARRIVA CON IL SUO STORICO MISTERO BUFFO POLITICO IRRIVERENTECHE HA GIRATO PER TUTTE LE PIAZZE D'ITALIA SEMPRE CON GRANDE SUCCESSO DI PUBBLICO E DI CRITICA. aPAL, STEREO aITALIANO aCOMMEDIA TEATROeTV-TEATRO/DANZA [VHS]xCodice MATERIA SPICS: 9961 aCarpi Fiorenzoe(musica)gCodice Musica SPICS: 13640 aFo Dario e(regista)gCodice regista SPICS: 6571 aFo Dario e(soggetto)gCodice Soggetto SPICS: 6571 aTosi Guidoe(regista)gCodice secondo regista SPICS: 34512